Del reumatismo y de las dermatosis reumáticas (Record no. 160911)

MARC details
000 -LEADER
campo de control de longitud fija 01109nam a22002175i 4500
001 - NÚMERO DE CONTROL
campo de control 160911
003 - IDENTIFICADOR DE NÚMERO DE CONTROL
campo de control ES-MaACL
005 - FECHA Y HORA DE LA ÚLTIMA TRANSACCIÓN
campo de control 20260201131939.0
008 - DATOS DE LONGITUD FIJA--INFORMACIÓN GENERAL
campo de control de longitud fija 020930s1881 sp |||| | spa d
040 ## - FUENTE DE CATALOGACIÓN
Centro catalogador/agencia de origen CCPB | B
Lengua de catalogación spa
Centro/agencia transcriptor CCPB | B
100 1# - ENTRADA PRINCIPAL--NOMBRE DE PERSONA
Nombre de persona Olavide, José Eugenio de,
Fechas asociadas al nombre 1836-1901
9 (RLIN) 86674
245 10 - MENCIÓN DEL TÍTULO
Título Del reumatismo y de las dermatosis reumáticas
Resto del título : lecciones dadas en el Hospital de San Juan de Dios de Madrid en el mes de mayo de 1880 /
Mención de responsabilidad, etc. por José Eugenio Olavide.
260 ## - PUBLICACIÓN, DISTRIBUCIÓN, ETC.
Lugar de publicación, distribución, etc. Madrid :
Nombre del editor, distribuidor, etc. [s.n.],
Fecha de publicación, distribución, etc. 1881 (
Fabricante Oficina Tipográfica del Hospicio)
300 ## - DESCRIPCIÓN FÍSICA
Extensión 72 p. ;
Dimensiones 22 cm.
490 1# - MENCIÓN DE SERIE
Mención de serie Biblioteca de la Revista Especial de Oftalmología, Sifiliografía, Dermatología y Afecciones Urinarias
650 #4 - PUNTO DE ACCESO ADICIONAL DE MATERIA--TÉRMINO DE MATERIA
Término de materia o nombre geográfico como elemento de entrada Reumatismo.
9 (RLIN) 136831
650 04 - PUNTO DE ACCESO ADICIONAL DE MATERIA--TÉRMINO DE MATERIA
Término de materia o nombre geográfico como elemento de entrada Piel-
Subdivisión general Enfermedades.
9 (RLIN) 15998
830 0# - PUNTO DE ACCESO ADICIONAL DE SERIE-TÍTULO UNIFORME
Título uniforme Biblioteca de la Revista Especial de Oftalmología, Sifilografía, Dermatología y Afecciones Urinarias
9 (RLIN) 221896
852 ## - LOCALIZACIÓN
Ubicación ES-MaACL
Número de control de estantería T-687-F-4
Nota libre -- Enc. hol., conservando la cub. original
-- -- An. ms.: ded. del autor a Manuel Saenz Diez
-- -- Enc. en un vol. facticio
Holdings
Estatus retirado Estado de pérdida Estado de daño No para préstamo Colección Biblioteca de origen Biblioteca actual Ubicación en estantería Fecha de adquisición Total de préstamos Signatura topográfica completa Código de barras Visto por última vez Precio de reemplazo Tipo de ítem Koha
        Colección de folletos Biblioteca del Ateneo de Madrid Biblioteca del Ateneo de Madrid Depósito folletos 17/01/2008   T-687-F-4 1168512 23/02/2023 23/02/2023 Folleto